000 00844nam a2200217 a 4500
001 000961605
003 AM-YeHGA
005 20250618074205.0
008 130507s1977 ru r 000 0 rus d
040 _aAM-YeHGA
041 0 _arus
100 1 _aДенисов, Петр Владимирович
245 1 0 _aНикита Яковлевич Бичурин :
_bОчерк жизни и творческой деятельности ученного- востоковеда.
260 _aЧебоксары :
_bЧуваш. кн. изд-во,
_c1977.
300 _a143 с. :
_bпортр., рис. ;
_c20 см.
500 _aК 200-летию со дня рождения
504 _aБиблиогр.: с. 138-142
600 1 4 _aБичурин, Никита Яковлевич
650 1 4 _aКультура
_95174
090 _c324115
999 _c322372
_d322372